000 00531nam a2200217 i 4500
001 bg
100 1 _aBielecki, Jan
_d(?-2001).
245 1 0 _aAnsi C++ /
_cJan Bielecki.
260 _aWarszawa :
_b"Intersoftland",
_c1997.
300 _a315 s. ;
_c24 cm.
504 _aBibliogr.
650 9 _aC (język programowania)
655 _aPodręczniki
020 _a838686124X
040 _cBPK
041 0 _apl
080 _a004.438(07)C
920 _a83-86861-24-X
942 _cKS
008 s pl f |000 0 pol
999 _c39492
_d39492
856 _uhttp://koha.tu.koszalin.pl/cgi-bin/koha/opac-detail.pl?biblionumber=39492
_yKatalog online BPK